On the Origins of Sh?'i Had?th

Gespeichert in:  
Bibliographische Detailangaben
1. VerfasserIn: Buckley, Ron P. (Verfasst von)
Medienart: Elektronisch Aufsatz
Sprache:Englisch
Verfügbarkeit prüfen: HBZ Gateway
Fernleihe:Fernleihe für die Fachinformationsdienste
Veröffentlicht: 1998
In: The Muslim world
Jahr: 1998, Band: 88, Heft: 2, Seiten: 165-184
Online-Zugang: Volltext (lizenzpflichtig)
Volltext (lizenzpflichtig)

MARC

LEADER 00000caa a22000002c 4500
001 1931155666
003 DE-627
005 20250719054907.0
007 cr uuu---uuuuu
008 250718s1998 xx |||||o 00| ||eng c
024 7 |a 10.1111/j.1478-1913.1998.tb03653.x  |2 doi 
035 |a (DE-627)1931155666 
035 |a (DE-599)KXP1931155666 
040 |a DE-627  |b ger  |c DE-627  |e rda 
041 |a eng 
084 |a 0  |2 ssgn 
100 1 |a Buckley, Ron P.  |e VerfasserIn  |4 aut 
245 1 0 |a On the Origins of Sh?'i Had?th 
264 1 |c 1998 
336 |a Text  |b txt  |2 rdacontent 
337 |a Computermedien  |b c  |2 rdamedia 
338 |a Online-Ressource  |b cr  |2 rdacarrier 
773 0 8 |i Enthalten in  |t The Muslim world  |d Hartford, Conn. : Hartford Seminary Foundation, 1911  |g 88(1998), 2, Seite 165-184  |h Online-Ressource  |w (DE-627)341340766  |w (DE-600)2066784-X  |w (DE-576)105797065  |x 1478-1913  |7 nnas 
773 1 8 |g volume:88  |g year:1998  |g number:2  |g pages:165-184 
856 4 0 |u https://doi.org/10.1111/j.1478-1913.1998.tb03653.x  |x Resolving-System  |z lizenzpflichtig  |3 Volltext  |7 1 
856 4 0 |u https://onlinelibrary.wiley.com/doi/abs/10.1111/j.1478-1913.1998.tb03653.x  |x Verlag  |z lizenzpflichtig  |3 Volltext  |7 1 
935 |a mteo 
951 |a AR 
ELC |a 1 
ITA |a 1  |t 1 
LOK |0 000 xxxxxcx a22 zn 4500 
LOK |0 001 4747371494 
LOK |0 003 DE-627 
LOK |0 004 1931155666 
LOK |0 005 20250718055557 
LOK |0 008 250718||||||||||||||||ger||||||| 
LOK |0 035   |a (DE-Tue135)IxTheo#2025-07-16#ABF11BD355BF1411981673E2EA1AFFEAD481E434 
LOK |0 040   |a DE-Tue135  |c DE-627  |d DE-Tue135 
LOK |0 092   |o n 
LOK |0 852   |a DE-Tue135 
LOK |0 852 1  |9 00 
LOK |0 935   |a ixrk  |a ixzs  |a zota 
LOK |0 939   |a 18-07-25  |b l01 
ORI |a SA-MARC-ixtheoa001.raw 
REL |a 1 
SUB |a REL